Twenty years of award winners / (Record no. 26670)

000 -LEADER
fixed length control field 01294pam a2200325 a 4500
001 - CONTROL NUMBER
control field 427992
003 - CONTROL NUMBER IDENTIFIER
control field OSt
005 - DATE AND TIME OF LATEST TRANSACTION
control field 20170206092754.0
008 - FIXED-LENGTH DATA ELEMENTS--GENERAL INFORMATION
fixed length control field 810716s1981 nyua 001 0 eng
010 ## - LIBRARY OF CONGRESS CONTROL NUMBER
LC control number 81080648
020 ## - INTERNATIONAL STANDARD BOOK NUMBER
International Standard Book Number 0803872240 :
Terms of availability $65.00
040 ## - CATALOGING SOURCE
Original cataloging agency DLC
Transcribing agency DLC
Modifying agency DLC
043 ## - GEOGRAPHIC AREA CODE
Geographic area code n-us---
050 00 - LIBRARY OF CONGRESS CALL NUMBER
Classification number NC975
Item number .T9
082 00 - DEWEY DECIMAL CLASSIFICATION NUMBER
Classification number 741.6/0973
Edition number 19
245 00 - TITLE STATEMENT
Title Twenty years of award winners /
Statement of responsibility, etc. Society of Illustrators ; concept and design by Art Weithas ; introduction by Walt Reed ; edited by Gerald McConnell.
260 ## - PUBLICATION, DISTRIBUTION, ETC. (IMPRINT)
Place of publication, distribution, etc. New York :
Name of publisher, distributor, etc. Published for the Society of Illustrators by Hastings House,
Date of publication, distribution, etc. c1981.
300 ## - PHYSICAL DESCRIPTION
Extent ca. 400 p. :
Other physical details all ill. ;
Dimensions 31 cm.
490 0# - SERIES STATEMENT
Series statement Visual communication books
500 ## - GENERAL NOTE
General note Includes indexes.
650 #0 - SUBJECT ADDED ENTRY--TOPICAL TERM
Topical term or geographic name as entry element Illustration of books
General subdivision Awards
Geographic subdivision United States.
650 #0 - SUBJECT ADDED ENTRY--TOPICAL TERM
Topical term or geographic name as entry element Magazine illustration
General subdivision Awards
Geographic subdivision United States.
650 #0 - SUBJECT ADDED ENTRY--TOPICAL TERM
Topical term or geographic name as entry element Illustration of books
Geographic subdivision United States
Chronological subdivision 20th century.
650 #0 - SUBJECT ADDED ENTRY--TOPICAL TERM
Topical term or geographic name as entry element Magazine illustration
Geographic subdivision United States
Chronological subdivision 20th century.
700 1# - ADDED ENTRY--PERSONAL NAME
Personal name Weithas, Art.
700 1# - ADDED ENTRY--PERSONAL NAME
Personal name McConnell, Gerald,
Dates associated with a name 1931-
710 2# - ADDED ENTRY--CORPORATE NAME
Corporate name or jurisdiction name as entry element Society of Illustrators (New York, N.Y.)
906 ## - LOCAL DATA ELEMENT F, LDF (RLIN)
a 7
b cbc
c orignew
d 1
e opcn
f 19
g y-gencatlg
942 ## - ADDED ENTRY ELEMENTS (KOHA)
Source of classification or shelving scheme
Koha item type Hard Covered Materials
Classification part NC 975 .T9 1981
Holdings
Withdrawn status Lost status Source of classification or shelving scheme Damaged status Not for loan Home library Current library Shelving location Date acquired Source of acquisition Total Checkouts Full call number Barcode Date last seen Price effective from Koha item type
          MACHAKOS UNIVERSITY LIBRARY MACHAKOS UNIVERSITY LIBRARY Technical section 06/02/2017 Donation (BFA)   NC 975 .T9 1981 34298 11/07/2018 06/02/2017 Hard Covered Materials
© Machakos University Library, Along The Highway, Machakos Wote Rd, Machakos, Kenya P.O. Box 136 - 90100 Machakos - Kenya

Tel: ( +254 ) 723 805829 OR Fax : 044-20353 OR Email: library@mksu.ac.ke